Cartas Chilenas (Record no. 152478)

MARC details
000 -LÍDER
campo de controle de tamanho fixo 00330 a2200145 4500
001 - NÚMERO DE CONTROLE
campo de controle 152478
040 ## - FONTE DA CATALOGAÇÃO
Instituição que transcreveu o registro Escola São Tomás de Aquino
100 ## - ENTRADA PRINCIPAL--NOME PESSOAL
Nome pessoal GONZAGA, Tomás Antônio
240 10 - TÍTULO UNIFORME
Título uniforme Cartas Chilenas
Idioma da obra por
245 10 - TÍTULO
Título Cartas Chilenas
300 ## - DESCRIÇÃO FÍSICA
Extensão 253
440 #1 - DECLARAÇÃO DE SÉRIE/ENTRADA ADICIONADA--TÍTULO
Título Companhia das Letras
697 ## - ENTRADA DE ASSUNTO LOCAL--ENTIDADE COLETIVA (RLIN)
Nome corporativo ou nome da jurisdição Poesia
942 ## - ELEMENTOS DE ENTRADA ADICIONADOS (KOHA)
Tipo de material Koha Livros
Holdings
Situação do descarte Situação das perdas Situação física Não pode ser emprestado Biblioteca de origem Biblioteca atual Data de aquisição Total de empréstimos Número de chamada completo Código de barras Data de último acesso Data do preço efetivo Tipo de material Koha
        ESTA - SÃO BENTO ESTA - SÃO BENTO 30/04/2024   B869.91 GON CAR EST00006517 30/04/2024 30/04/2024 Livros